000 00263nam a22000977a 4500
008 240404b |||||||| |||| 00| 0 eng d
020 _a9789350125052
100 _aBHATIA
245 _aTHE ENGLISH ENHANCEMENT BOOK
260 _aNEW DELHI
_bRAMESH PUBLISHING HOUSE
_c2014
999 _c12553
_d12553